| 000 | 00903nam a22002651 4500 | ||
|---|---|---|---|
| 001 | 26577 | ||
| 003 | BD-RjUL | ||
| 005 | 20211209051033.0 | ||
| 008 | 850211s1967 enkacfh 001 0 eng | ||
| 035 | _a(BD-RjUL)26647 | ||
| 040 |
_aDLC _cDLC _dDLC _dBD-RjUL _beng |
||
| 041 | _aeng | ||
| 082 | 0 | 0 |
_a941.084092 _bCHW 1967 |
| 100 | 1 |
_aChurchill, Randolph S. _q(Randolph Spencer), _d1911-1968. _981732 |
|
| 245 | 0 | 0 |
_aWinston S. Churchill / _cby Randolph S. Churchill. _nVOLUME I : _p Companion. _pPart 2 : _p1896-1900. |
| 260 |
_aLondon : _bHeinemann, _cc1967. |
||
| 300 |
_a679-1290 p. : _bill. ; _c24 cm. |
||
| 504 | _aIncludes index. | ||
| 600 | 1 | 0 |
_aChurchill, Winston, _d1874-1965. _951096 |
| 650 | 0 |
_aPrime ministers _zGreat Britain _xBiography. _975074 |
|
| 651 | 0 |
_aGreat Britain _xPolitics and government _y20th century. _95828 |
|
| 942 |
_2ddc _cBK |
||
| 999 |
_c26577 _d26577 |
||